| 000 | nam a22 a 4500 | ||
|---|---|---|---|
| 999 |
_c1869 _d1869 |
||
| 003 | AKMAL | ||
| 005 | 20170512105636.0 | ||
| 008 | 170512s2006 my | e l 000 0 eng d | ||
| 020 |
_a9677009575 : _cRM70.00 |
||
| 020 | _a9789677009578 | ||
| 040 | _aAKMAL | ||
| 082 | 0 | 4 |
_a382.9595052 CUS _222 |
| 090 | 0 | 0 |
_a382.9595052 _bCUS |
| 110 | 2 |
_aMalaysia _9400 |
|
| 245 | 1 | 0 |
_aCustoms Duties (Goods Under Malaysia - Japan Economic Partnership Agreement ) Order 2006 : _ball amendments up to 13th July 2006 / _ccompiled by MDC Customs Updating Service Dept. |
| 260 |
_aKuala Lumpur : _bMDC Publishers, _c2006 |
||
| 300 |
_a429p. ; _c20x29cm. |
||
| 650 | 1 | 0 |
_aTariff _xLaw and legislation _zMalaysia _920 |
| 650 | 2 | 0 |
_aTariff _xTerminology and classification _zMalaysia _92218 |
| 650 | 2 | 0 |
_aSales tax _xLaw and legislation _zMalaysia _9621 |
| 650 | 2 | 0 |
_aCustoms administration _xLaw and legislation _zMalaysia _93874 |
| 710 | 2 |
_aMDC Sdn. Bhd. _bResearch and Customs Updating Service Dept. _93875 |
|
| 942 |
_2ddc _cBOOK |
||
| 950 | _lAKMAL | ||